Living with fear : (Record no. 346996)
[ view plain ]
| 000 -LEADER | |
|---|---|
| fixed length control field | 01018 a2200181 4500 |
| 020 ## - INTERNATIONAL STANDARD BOOK NUMBER | |
| International Standard Book Number | 0077097580 (paperback) |
| 020 ## - INTERNATIONAL STANDARD BOOK NUMBER | |
| International Standard Book Number | 9780077097585 (paperback) |
| 082 04 - DEWEY DECIMAL CLASSIFICATION NUMBER | |
| Classification number | 616 |
| 090 ## - LOCALLY ASSIGNED LC-TYPE CALL NUMBER (OCLC); LOCAL CALL NUMBER (RLIN) | |
| -- | 4554 |
| -- | 4554 |
| 100 1# - MAIN ENTRY--PERSONAL NAME | |
| Personal name | Marks, Isaac M. |
| 245 10 - TITLE STATEMENT | |
| Title | Living with fear : |
| Remainder of title | understanding and coping with anxiety / |
| Statement of responsibility, etc. | Isaac M. Marks. |
| 250 ## - EDITION STATEMENT | |
| Edition statement | 2nd ed. |
| 260 ## - PUBLICATION, DISTRIBUTION, ETC. | |
| Place of publication, distribution, etc. | [S.l.] : |
| Name of publisher, distributor, etc. | McGraw-Hill Companies, |
| Date of publication, distribution, etc. | 2002. |
| 300 ## - PHYSICAL DESCRIPTION | |
| Extent | 300 p. ; |
| Dimensions | 23 cm. |
| 520 ## - SUMMARY, ETC. | |
| Summary, etc. | Living with Fear is a self help book that gives practical advice to people who are suffering from phobias panic obsessions rituals or traumatic distress. In the new edition the author has updated the book to include new phobias e.g. fear of Aids contamination as well as the latest treatments. References examples and case studies will be updated throughout the book. The case examples in the current edition are drawn from many parts of the world. |
| 856 40 - ELECTRONIC LOCATION AND ACCESS | |
| Materials specified | Amazon.com |
| Uniform Resource Identifier | <a href="http://www.amazon.com/exec/obidos/ASIN/0077097580/chopaconline-20">http://www.amazon.com/exec/obidos/ASIN/0077097580/chopaconline-20</a> |
| 942 ## - ADDED ENTRY ELEMENTS (KOHA) | |
| Institution code [OBSOLETE] | NBS |
| Koha item type | Book |
| Call number prefix | 658.85 MAR |
| Withdrawn status | Lost status | Damaged status | Not for loan | Permanent Location | Current Location | Date acquired | Total Checkouts | Total Renewals | Full call number | Barcode | Date last seen | Date last checked out | Price effective from | Koha item type |
|---|---|---|---|---|---|---|---|---|---|---|---|---|---|---|
| Central Library (CL) | Central Library (CL) | 08/28/2013 | 3 | 1 | 658.85 MAR | NBS7303 | 01/26/2024 | 12/05/2022 | 08/28/2013 | Book |
